|
|
|
|
| LEADER |
00762nam a2200193 i 4500 |
| 001 |
10067888 |
| 003 |
GR-PaULI |
| 005 |
20210722131707.0 |
| 008 |
081010s1979 gr g p gre d |
| 952 |
|
|
|0 0
|1 0
|2 ddc
|4 0
|6 889_134000000000000_ΓΟΝ
|7 0
|9 327178
|a LISP
|b LISP
|c DON
|d 2021-07-22
|e ΓΑΛ
|i 144561
|l 0
|o 889.134 ΓΟΝ
|p 025000270699
|r 2021-07-22 00:00:00
|t 1
|w 2021-07-22
|y BKN
|
| 999 |
|
|
|c 183506
|d 183506
|
| 040 |
|
|
|a GR-PaULI
|b gre
|c GR-PaULI
|e AARC2
|
| 082 |
0 |
4 |
|2 23
|a 889.134
|
| 100 |
1 |
|
|9 7166
|a Γονατάς, Επαμεινώνδας Χ.,
|d 1924-2006,
|e συγγραφέας.
|
| 245 |
1 |
2 |
|a Η κρύπτη /
|c Ε. Χ. Γονατάς.
|
| 260 |
|
|
|a Αθήνα :
|b Κείμενα,
|c 1979.
|
| 300 |
|
|
|a 37 σ. ;
|c 19 εκ.
|
| 942 |
|
|
|2 ddc
|c BKN
|
| 998 |
|
|
|c ΜΠΟΥΡΑΣ
|d 2021-07
|